|
|
|
|
| LEADER |
00000nam a2200000 a 4500 |
| 001 |
vtls001145625 |
| 003 |
SK-MaSNL |
| 005 |
20260301063128.0 |
| 008 |
250414s1977 CS 0 cze |
| 035 |
|
|
|a SNK000088481
|
| 040 |
|
|
|a SNK
|b slo
|c SNK
|e AACR2
|
| 041 |
0 |
|
|a cze
|
| 044 |
|
|
|a [CS]
|
| 080 |
|
|
|a 616.31(075.8)
|2 1981
|
| 100 |
1 |
|
|a Adam, Miroslav,
|d 1914-1990
|4 aut
|9 198306
|
| 245 |
1 |
0 |
|a Základy stomatologické propedeutiky. 2. [díl]
|b Základní poznatky z jednotlivých stomatologických oborů ... pro posl. fak. všeobec. lékařství
|c Miroslav Adam
|
| 250 |
|
|
|a 1. [dotisk] 1. vyd.
|
| 260 |
|
|
|a Praha
|b Státní pedagogické nakladatelství
|c 1977
|
| 300 |
|
|
|a 167 s.
|c 4°
|
| 852 |
|
|
|a Slovenská národná knižnica
|
| 954 |
|
|
|a stomatológia
|
| 958 |
|
|
|a OND
|
| 999 |
|
|
|c 623025
|d 624955
|
| 952 |
|
|
|a SNK
|b SNK
|y NEVYP
|7 0
|p 17A0106221
|o snkIB 36734/2 D1
|0 0
|1 1
|4 0
|d 1997-10-31
|l 0
|r 2005-01-01 00:00:00
|w 2026-02-23
|